| 000 | 00830cam a22002054a 4500 | ||
|---|---|---|---|
| 005 | 20250605163958.0 | ||
| 008 | 250528s ||||||||||||||||||||||||d | ||
| 035 | _a15531 | ||
| 020 | _a471939676 | ||
| 040 |
_aGR-AtMCL _bgre _dGR-AtMCL _eAACR2 |
||
| 245 | 1 | _aBeyond TQM | |
| 260 |
_bJohn Wiley & Sons, Ltd, _c1993 |
||
| 300 | _a306 | ||
| 505 | 0 | _aPreface, Philosophy and Principles and Methods, TQM as it Stands Today, A New Understanding of Management Today, A New Understanding of TQM, Case Studies, Exercises and Games, Index. | |
| 520 | _aPreface, Philosophy and Principles and Methods, TQM as it Stands Today, A New Understanding of Management Today, A New Understanding of TQM, Case Studies, Exercises and Games, Index. | ||
| 700 | 1 |
_aFlood Louis Robert _91483 |
|
| 942 | _cBK | ||
| 999 |
_c1107 _d1107 |
||